000 00537nam a2200181Ia 4500
999 _c14085
_d14085
003 OSt
005 20201016121340.0
008 190216s9999||||xx |||||||||||||| ||und||
020 _a0195629698
040 _coclc
082 _a821
_bDAR/C
100 _aDaruwalla, Keki N
_95767
245 0 _aCrossing Of Rivers And The Keeper Of The Dead /
_cKeki N Daruwalla
260 _bOxford University Press ,
_c1991.
_aNew Delhi:
300 _a64p
650 _aEnglish Poetry
942 _cBK
_2ddc
_h821
_iDAR/C
_k821
_mDAR/C